[Event "KFP Cup"]
[Site "Frydek Mistek CZE"]
[Date "2009.04.12"]
[Round "7"]
[White "Zilka,S"]
[Black "Dvorak,T"]
[Result "0-1"]
[WhiteElo "2477"]
[BlackElo "2287"]

1.d4 Nf6 2.Nf3 g6 3.g3 Bg7 4.Bg2 O-O 5.c4 d6 6.O-O Nc6 7.Nc3 a6 8.b3 Bd7
9.Bb2 Rb8 10.e3 b5 11.Qe2 Na5 12.Nd2 Qc8 13.Nd5 Nxd5 14.cxd5 c6 15.Rfc1 Qb7
16.b4 Nc4 17.dxc6 Bxc6 18.Bxc6 Qxc6 19.Nxc4 bxc4 20.Rxc4 Qa4 21.Bc3 Rbc8
22.Be1 e5 23.dxe5 dxe5 24.Rac1 Rxc4 25.Rxc4 Rd8 26.Qc2 Qd7 27.Rc6 h5 28.Rxa6 Qg4
29.h3 Qf3 30.Qc6 Qe2 31.Ra8 Qxe1+ 32.Kg2 Rxa8 33.Qxa8+ Bf8 34.b5 Qb4 35.a4 Kg7
36.Qd5 Qxa4 37.Qxe5+ Kg8 38.Qd5 Qb4 39.h4 Bc5 40.Qc6 Kg7 41.Kg1 Ba7 42.Qd7 Qc5
43.Kg2 Bb6 44.Kg1 Qc7 45.Qd3 Kf6 46.Qd5 Ke7 47.Kg2 Qd7 48.Qc4 Qe6 49.Qd3 Qe5
50.Qc4 Qe6 51.Qd3 Bc5 52.Kg1 Qe5 53.Qb3 Qe6 54.Qd3 Qd6 55.Qe4+ Kd7 56.Qb7+ Ke6
57.Qe4+ Kf6 58.Qf3+ Kg7 59.Qe4 Bb6 60.Kg2 Qc5 61.Qd3 Kf6 62.Qd7 Qc7 63.Qd5 Qe5
64.Qf3+ Qf5 65.Qc6+ Qe6 66.Qc3+ Kf5 67.Kg1 Qd5 68.Qc8+ Ke4 69.Qb8 Qe6 70.Qb7+ Kd3
71.Qf3 Kc4 72.Qe2+ Kb4 73.Qb2+ Kc5 74.Kg2 Qd7 75.Kg1 Qd1+ 76.Kg2 Qd5+ 77.Kg1 Qc4
78.Qe5+ Kb4 79.Qe8 Kc3 80.Qe5+ Kc2 81.Kg2 Kb3 82.Kg1 Kb4 83.Qb2+ Kc5 84.Qe5+ Qd5
85.Qb2 Bc7 86.Qe2 Kb6 87.Qb2 Bd6 88.Kh2 Qxb5 89.Qf6 Qd7 90.Qd4+ Kc7 91.Qa7+ Kd8
92.Qa8+ Ke7 93.Qe4+ Qe6 94.Qb7+ Kf6 95.Kg2 Kg7 96.Qb2+ Qe5 97.Qb7 Qf5 98.Qb2+ Be5
99.Qb7 Bf6 100.Qc6 Qg4 101.Kf1 Qd1+ 102.Kg2 Qd2 103.Kf1 Qb2 104.Qd5 Bc3 105.Qc6 Bd2
106.Qe4 Bb4 107.Qd5 Qf6 108.Qe4 Qd6 109.Qb7 Bc5 110.Kg2 Qe7 111.Qc6 Kh7 112.Qd5 Bd6
113.Qc6 Kg7 114.Qc3+ Qe5 115.Qc6 Kf6 116.Qb7 Ke6 117.Qc8+ Ke7 118.Qb7+ Bc7
119.Qc6 Qd6 120.Qf3 Ke6 121.Qe4+ Kd7 122.Kg1 Qc6 123.Qd3+ Ke7 124.Qa3+ Kf6
125.Qa1+ Be5 126.Qd1 Qa8 127.Kh2 Kg7 128.Qe2 Qe4 129.Kg1 Kh7 130.Qd1 Kg7
131.Qe2 Qg4 132.Qe1 Qf3 133.Qd2 Bxg3 134.Qd4+ Kh7 135.fxg3 Qxg3+ 136.Kh1 Qh3+
137.Kg1 Qg4+  0-1

[Event "TCh-HUN 2008-9"]
[Site "Budapest HUN"]
[Date "2009.04.18"]
[Round "11"]
[White "Ruck,R1"]
[Black "Varga,Cs2"]
[Result "0-1"]
[WhiteElo "2574"]
[BlackElo "2391"]

1.Nf3 Nf6 2.c4 g6 3.d4 Bg7 4.g3 O-O 5.Bg2 d6 6.Nc3 c5 7.O-O Nc6 8.dxc5 dxc5
9.Bf4 Be6 10.Ne5 Nxe5 11.Bxe5 Qd7 12.Qb3 Bh3 13.Rfd1 Qe6 14.Bxf6 Bxf6 15.Bxh3 Qxh3
16.Nd5 b6 17.Rd3 Kg7 18.Rad1 h5 19.R3d2 h4 20.Qf3 hxg3 21.hxg3 Rae8 22.e3 Be5
23.Qe4 Bd6 24.Nf4 Qg4 25.Kg2 Rh8 26.Rd5 Bxf4 27.exf4 e5 28.Rd7 Qh3+ 29.Kf3 Rh4
30.Ke2 Qg4+ 31.Kf1 exf4 32.Qd5 Qh3+ 33.Kg1 Qh2+ 34.Kf1 Qh1+ 35.Qxh1 Rxh1+
36.Kg2 Rxd1 37.Rxd1 fxg3 38.Kxg3 Re2 39.Rd7 a5 40.b3 Rxa2 41.Rb7 Ra3 42.Rxb6 a4
43.Kf4 Rxb3 44.Rc6 Rb4 45.Rxc5 a3 46.Ra5 Rxc4+ 47.Ke5 f6+ 48.Kd5 Rf4  0-1

[Event "11th Open St-Quentin en Yvelines"]
[Site "Elancourt FRA"]
[Date "2009.04.21"]
[Round "5"]
[White "Legrand,S"]
[Black "Vallobra,P"]
[Result "1-0"]
[WhiteElo "2165"]
[BlackElo "2009"]

1.d4 Nf6 2.Nf3 g6 3.c4 Bg7 4.g3 O-O 5.Bg2 d6 6.O-O Nbd7 7.Nc3 Re8 8.b3 e5
9.e3 c6 10.Bb2 e4 11.Nd2 d5 12.f3 exf3 13.Qxf3 Nb6 14.c5 Bg4 15.Qf2 Nc8 16.e4 Be6
17.h3 Ne7 18.g4 h6 19.Rae1 Qc7 20.e5 Nh7 21.Ne2 g5 22.Ng3 Ng6 23.Nh5 Rf8
24.Bf3 Rae8 25.Bd1 f5 26.gxf5 Bxf5 27.Qg3 Qd7 28.Bg4 Nh4 29.Re2 Bxg4 30.hxg4 Rxf1+
31.Nxf1 Nf8 32.Rf2 Ne6 33.Ne3 Ng6 34.Nf5 Rf8 35.Nfxg7 Nxg7 36.Nf6+ Rxf6 37.exf6 Ne6
38.Qb8+ Kf7 39.Qh2 Nef4 40.Qxh6 Qxg4+ 41.Kh2 Nd3 42.Qh7+ Ke6 43.f7 Nxf2 44.Qxg6+ Ke7
45.f8=Q+ Kxf8 46.Qf6+ Ke8 47.Qxf2 Qh5+ 48.Kg3 Qh4+ 49.Kg2 Qg4+ 50.Kf1 Qh3+
51.Ke2 Qh5+ 52.Kd3 g4 53.Bc1 Qg6+ 54.Ke2 g3 55.Qe3+ Kd7 56.Kf1 Qh5 57.Qxg3 Qd1+
58.Qe1 Qf3+ 59.Kg1 Qg4+ 60.Kf2 Qh4+ 61.Ke2 Qe4+ 62.Be3 Qc2+ 63.Qd2 Qe4 64.Qd3 Qg2+
65.Bf2 Qg4+ 66.Qf3 Qe6+ 67.Be3 b6 68.b4 Kc7 69.Qg3+ Kb7 70.Kd2 Qf5 71.Qe1 Qe4
72.Qg1 Qh7 73.a4 Qc7 74.Qg2 bxc5 75.bxc5 Qa5+ 76.Ke2 Qxa4 77.Qg7+ Ka6 78.Qg6 Qa2+
79.Bd2 Kb7 80.Qd3 Qa1 81.Qh7+ Ka6 82.Qc7 Qa4 83.Ke3 Qa3+ 84.Kf4 Kb5 85.Qb7+ Kc4
86.Qxc6 Kxd4 87.Qf6+ Kc4 88.c6 Qa6 89.Qc3+ Kb5 90.Qd3+  1-0

[Event "16th ch-Asian Cities Dubai Cup"]
[Site "Beirut LIB"]
[Date "2009.04.23"]
[Round "9"]
[White "Omearat,A"]
[Black "Kassis,A LIB"]
[Result "1/2-1/2"]
[WhiteElo "2274"]
[BlackElo "2239"]

1.d4 Nf6 2.Nf3 g6 3.c4 Bg7 4.g3 O-O 5.Bg2 d6 6.O-O c6 7.b3 Qa5 8.Qd2 Qxd2
9.Nbxd2 a5 10.e4 Nfd7 11.Rb1 e5 12.Bb2 Na6 13.a3 Re8 14.d5 c5 15.Ne1 f5 16.Nd3 Nf6
17.Rbe1 fxe4 18.Nxe4 Nxe4 19.Bxe4 Bh3 20.Bg2 Bf5 21.Be4 Bh3 22.Bg2 Bf5 23.Be4  1/2-1/2

[Event "11th Dubai Open"]
[Site "Dubai UAE"]
[Date "2009.04.29"]
[Round "4"]
[White "Bocharov,D"]
[Black "Zozulia,A"]
[Result "1-0"]
[WhiteElo "2606"]
[BlackElo "2376"]

1.d4 g6 2.Nf3 Nf6 3.g3 Bg7 4.Bg2 O-O 5.c4 d6 6.O-O Nc6 7.Nc3 a6 8.b3 Rb8
9.d5 Na5 10.Bb2 c5 11.dxc6 Nxc6 12.Rc1 Ne4 13.Nd2 Nxc3 14.Bxc3 Bxc3 15.Rxc3 Qa5
16.Qa1 Qh5 17.Re3 Ne5 18.Nf3 Nc6 19.Rd1 Be6 20.h4 h6 21.Ne1 Ne5 22.Nd3 Nxd3
23.exd3 b5 24.Rde1 bxc4 25.dxc4 a5 26.Bf3 Qc5 27.h5 g5 28.Qd1 a4 29.Be4 axb3
30.axb3 Bd7 31.Bc2 e5 32.Rd3 Bf5 33.Rd5 Bxc2 34.Qxc2 Qb6 35.Re3 Rbe8 36.c5 dxc5
37.Rxc5 Qa7 38.Qc3 Qd7 39.Kg2 Qb7+ 40.Kh2 e4 41.b4 Re6 42.Qd4 Rfe8 43.b5 Rb6
44.Qc4 Qe7 45.Rc6 Rxc6 46.bxc6 Qe5 47.c7 Rc8 48.Rc3 Kg7 49.Kg2 Qe6 50.Qxe6 fxe6
51.Kf1 Kf6 52.Ke2 Ke5 53.Ke3 Kd5 54.Rc1 Ke5 55.Rc2 Kd5 56.Rd2+ Ke5 57.Rd7 Kf5
58.Kd4 e3 59.Kxe3 e5 60.f3 g4 61.fxg4+ Kxg4 62.Rg7+ Kxh5 63.Ke4 Ra8 64.g4+ Kh4  1-0

[Event "IV Tch-ESP Selecciones Autonomicas"]
[Site "Villava ESP"]
[Date "2009.05.01"]
[Round "3"]
[White "Bolado Saez,S"]
[Black "Garcia Rodriguez,J"]
[Result "1-0"]
[WhiteElo "2328"]
[BlackElo "2017"]

1.d4 Nf6 2.Nf3 g6 3.g3 Bg7 4.c4 d6 5.Bg2 O-O 6.O-O Nbd7 7.Nc3 c5 8.e4 cxd4
9.Nxd4 Ne5 10.b3 Qb6 11.h3 Nfd7 12.Be3 Qa5 13.Nd5 e6 14.Ne7+ Kh8 15.f4 Qc3
16.Nc2 Nc6 17.Nxc8 Raxc8 18.Rc1 Rfd8 19.Rf3 Qa5 20.a3 Qc7 21.b4 b6 22.Bf2 e5
23.Rd3 Nf6 24.Qd2 Rd7 25.Rd1 Rcd8 26.Bf3 Kg8 27.h4 h5 28.Qe2 Nb8 29.R3d2 exf4
30.gxf4 Re8 31.Qd3 Rc8 32.Ne3 Bh6 33.Bg3 d5 34.e5 dxc4 35.Qc3 Rxd2 36.Rxd2 Ne8
37.Nd5 Qd8 38.Nf6+ Nxf6 39.Rxd8+ Rxd8 40.exf6 Rd3 41.Qe5 Nd7 42.Qe8+ Bf8
43.Qe2 Rxa3 44.Kg2 Nxf6 45.Qxc4 Re3 46.Bf2 Re7 47.Bd4 Ne4 48.Ba1  1-0

[Event "2nd Mayors Cup"]
[Site "Mumbai IND"]
[Date "2009.05.03"]
[Round "3"]
[White "Neelotpal,D"]
[Black "Singh,Ri"]
[Result "1/2-1/2"]
[WhiteElo "2514"]
[BlackElo "2238"]

1.Nf3 d6 2.d4 Nf6 3.c4 g6 4.g3 Bg7 5.Bg2 O-O 6.O-O Ne4 7.Qc2 f5 8.Nc3 Nxc3
9.bxc3 e5 10.dxe5 dxe5 11.Ba3 Re8 12.e4 Nc6 13.Rab1 Qf6 14.Qe2  1/2-1/2

[Event "FIDE Open"]
[Site "Ostrava CZE"]
[Date "2009.05.04"]
[Round "3"]
[White "Maiorov,N1"]
[Black "Orzechowski,J"]
[Result "1-0"]
[WhiteElo "2525"]
[BlackElo "2268"]

1.d4 Nf6 2.c4 g6 3.Nf3 Bg7 4.g3 O-O 5.Bg2 d6 6.O-O c6 7.Nc3 Qa5 8.h3 Be6
9.Qd3 Qa6 10.b3 d5 11.Ne5 dxc4 12.Nxc4 Rd8 13.Rd1 Nbd7 14.Bb2 Nb6 15.Ne5 Qxd3
16.Rxd3 Nfd5 17.Rdd1 Nxc3 18.Bxc3 a5 19.e3 Nd5 20.Bb2 Nb4 21.Nc4 Bd5 22.Nb6 Bxg2
23.Kxg2 Ra6 24.Na4 e6 25.Nc5 Ra7 26.a3 Nd5 27.a4 Bf8 28.Rac1 Nb4 29.g4 h6
30.Kf3 Be7 31.Ke2 Na2 32.Ra1 Nb4 33.Bc3 Nd5 34.Be1 e5 35.Rac1 exd4 36.Rxd4 Bf6
37.Rd3 Bg7 38.Kf3 Re8 39.e4 Nf6 40.Bc3 b6 41.Bxf6 Bxf6 42.Nd7 Re6 43.Nxb6 Bb2
44.Rc2 Ba3 45.Rd7 Ra6 46.Rb7 Bb4 47.Ke3 g5 48.f3 Bd6 49.Ke2 Bb4 50.Rc1 Kg7
51.Rd1 Re7 52.Rb8 Raa7 53.Nc8  1-0

[Event "Moscow Region Spring GM"]
[Site "Serpukhov RUS"]
[Date "2009.05.07"]
[Round "13"]
[White "Romanko,M"]
[Black "Can,E"]
[Result "1-0"]
[WhiteElo "2466"]
[BlackElo "2461"]

1.d4 Nf6 2.c4 g6 3.Nf3 Bg7 4.g3 O-O 5.Bg2 d6 6.O-O Nbd7 7.Nc3 e5 8.e4 exd4
9.Nxd4 Re8 10.h3 a6 11.Be3 Rb8 12.Qc2 c5 13.Nde2 b5 14.Rad1 Qb6 15.cxb5 axb5
16.b4 Bb7 17.Nf4 Qa6 18.Nfd5 Rbc8 19.Qb1 Nxd5 20.Nxd5 Ne5 21.bxc5 dxc5 22.Bg5 Kh8
23.f4 Nc4 24.f5 b4 25.Qc1 Bxd5 26.f6 Bf8 27.Rxd5 Re6 28.Rfd1 Nb6 29.Rd8 Qa8
30.e5 Qb8 31.Rxc8 Qxc8 32.Bh6 Kg8 33.Bxf8 Qxf8 34.Qf4 c4 35.h4 h5 36.Bh3 Qc5+
37.Kh2 Qxe5 38.Rd8+ Kh7 39.Rh8+  1-0

[Event "FSFMA May"]
[Site "Budapest HUN"]
[Date "2009.05.09"]
[Round "7"]
[White "Probst,Alb"]
[Black "Nagy,Las1"]
[Result "1-0"]
[WhiteElo "2104"]
[BlackElo "2046"]

1.d4 d6 2.Nf3 Nf6 3.c4 g6 4.g3 Bg7 5.Bg2 O-O 6.O-O Nc6 7.Nc3 e5 8.dxe5 dxe5
9.h3 Be6 10.b3 h6 11.Ba3 Re8 12.Qc1 Qc8 13.Kh2 Nh5 14.e3 f5 15.Qc2 e4 16.Ng1 Ne5
17.Rad1 c6 18.Rd2 Qc7 19.Rfd1 Rad8 20.Bd6 Qf7 21.c5 Qf6 22.Nce2 g5 23.Nd4 Bd5
24.Nge2 f4 25.Nc3 f3 26.Bf1 Qg6 27.Nxd5 cxd5 28.Bxe5 Rxe5 29.Nxf3 Re6 30.Nd4 Rf6
31.Nb5 Rdf8 32.Nc3 Qf7 33.Nxe4 Rf3 34.Rxd5 Nxg3 35.Bc4 Kh8 36.R5d2 Nxe4 37.Bxf7 Nxd2
38.Rxd2 Be5+ 39.Kg2 R8xf7 40.Qg6 Bg7 41.Rd8+ Rf8 42.Rxf8+ Rxf8 43.b4 Rf6
44.Qe4 Rf7 45.Qe8+ Rf8 46.Qd7 b6 47.Qxa7 bxc5 48.Qxc5  1-0

[Event "Young Stars of the World"]
[Site "Kirishi RUS"]
[Date "2009.05.14"]
[Round "6"]
[White "Bukavshin,I"]
[Black "Kovalev,Vl"]
[Result "1/2-1/2"]
[WhiteElo "2365"]
[BlackElo "2320"]

1.d4 Nf6 2.c4 g6 3.Nf3 Bg7 4.g3 O-O 5.Bg2 d6 6.Nc3 Nbd7 7.O-O e5 8.e4 c6
9.h3 Re8 10.Re1 exd4 11.Nxd4 Nc5 12.Rb1 a5 13.b3 Qe7 14.Be3 Nfxe4 15.Nxe4 Nxe4
16.Bxe4 Qxe4 17.Bd2 Bg4 18.Rxe4 Bxd1 19.Rxe8+ Rxe8 20.Rxd1 Bxd4 21.Bxa5 c5
22.Rd2 Re7 23.Kf1 f5 24.Re2 Rxe2 25.Kxe2 Kf7 26.f3 Ke6 27.Kd3 d5 28.cxd5+ Kxd5
29.a4 h5 30.g4 hxg4 31.hxg4 fxg4 32.fxg4 Bg1 33.Bc3 Bh2 34.Bb2 Bf4 35.Bc3 Bg5
36.Bb2 Bf4 37.Bc3 Bd6 38.Bb2 Bf4 39.Bc3 Bg5 40.Bb2 Bf4  1/2-1/2

[Event "VI Moncada Open"]
[Site "Santiago de Cuba CUB"]
[Date "2009.05.16"]
[Round "1"]
[White "Comez Ledo,R"]
[Black "Campos Vila,M"]
[Result "1-0"]
[WhiteElo "2398"]
[BlackElo "2232"]

1.d4 Nf6 2.c4 g6 3.Nf3 Bg7 4.g3 O-O 5.Bg2 d6 6.O-O Nc6 7.Nc3 Rb8 8.d5 Na5
9.Qd3 c5 10.h3 a6 11.Nd2 b5 12.Rb1 bxc4 13.Nxc4 Nxc4 14.Qxc4 Qb6 15.Bd2 Bd7
16.Rfe1 Bb5 17.Qh4 Rfe8 18.Bh6 Bh8 19.Bg5 Qc7 20.Rbd1 Bd7 21.Bc1 Rb4 22.e4 Bc8
23.g4 Nd7 24.f4 Qb6 25.Kh1 Bb7 26.Qg3 Qc7 27.h4 Nb6 28.h5 Na4 29.Re2 Nxc3
30.bxc3 Rb1 31.e5 Rf8 32.e6 Qa5 33.exf7+ Rxf7 34.Qd3 Qxc3 35.Qxb1 Bc8 36.hxg6 hxg6
37.Qxg6+ Kf8 38.Bb2 Qg3 39.Qh6+ Bg7 40.Bxg7+ Rxg7 41.Rxe7 Kxe7 42.Qxg7+ Kd8
43.f5 c4 44.f6 Qc3 45.Qe7+  1-0

[Event "Young Stars of the World"]
[Site "Kirishi RUS"]
[Date "2009.05.17"]
[Round "8"]
[White "Bukavshin,I"]
[Black "Fedoseev,Vl3"]
[Result "1-0"]
[WhiteElo "2365"]
[BlackElo "2318"]

1.d4 Nf6 2.c4 g6 3.Nf3 Bg7 4.g3 O-O 5.Bg2 d6 6.O-O Nc6 7.Nc3 a6 8.d5 Na5
9.Nd2 c5 10.Qc2 Bf5 11.e4 Bd7 12.Rb1 b5 13.b3 Rb8 14.Bb2 Bh6 15.f4 Ng4 16.Nd1 bxc4
17.bxc4 Rxb2 18.Rxb2 e5 19.h3 Nf6 20.fxe5 Nh5 21.Qd3 Qg5 22.Nf3 Qxg3 23.Qc3 Nf4
24.Qxa5 Nd3 25.Rc2 Bf4 26.Kh1 Bxh3 27.Qc3 Nxe5 28.Bxh3 Qxh3+ 29.Nh2 Qh4 30.Ne3 Bxh2
31.Rxh2 Qxe4+ 32.Ng2 Rb8 33.Rh4 Qe2 34.Re1 Qf3 35.Qd2 Nd3 36.Re3 Qf1+ 37.Kh2 Rb2
38.Re8+ Kg7 39.Qh6+ Kf6 40.Re6+ Kf5 41.Rh5+  1-0

[Event "TCh-ISR 2008-9"]
[Site "Israel ISR"]
[Date "2009.05.22"]
[Round "11"]
[White "Greenfeld,A"]
[Black "Klenburg,M"]
[Result "1/2-1/2"]
[WhiteElo "2560"]
[BlackElo "2403"]

1.d4 d6 2.Nf3 Nf6 3.c4 g6 4.g3 Bg7 5.Bg2 O-O 6.Nc3 c6 7.O-O Bf5 8.Re1 Ne4
9.Qb3 Nxc3 10.bxc3 Bc8 11.e4 Nd7 12.a4 Qc7 13.Ba3 c5 14.e5 dxe5 15.Rad1 Re8
16.Ng5 h6 17.Ne4 Rb8 18.Nxc5  1/2-1/2

[Event "Copper State Int"]
[Site "Mesa USA"]
[Date "2009.05.31"]
[Round "5"]
[White "Adelberg,D"]
[Black "Atoufi,P"]
[Result "0-1"]
[WhiteElo "2158"]
[BlackElo "2306"]

1.d4 Nf6 2.c4 g6 3.Nf3 Bg7 4.g3 O-O 5.Bg2 d6 6.O-O Nbd7 7.Nc3 e5 8.h3 a6
9.Re1 Rb8 10.e4 b5 11.c5 Bb7 12.cxd6 cxd6 13.d5 Nb6 14.Be3 Nc4 15.Qe2 Nxe3
16.Qxe3 Kh8 17.a4 b4 18.Na2 a5 19.Nc1 Ng8 20.Nb3 Ra8 21.Nfd2 Bh6 22.Qe2 Ba6
23.Qd1 f5 24.Bf1 Bc8 25.exf5 Bxf5 26.f4 exf4 27.g4 Bd7 28.Nf3 Bg7 29.Qd2 Nf6
30.Bg2 Qb6+ 31.Qd4 Nxd5 32.Qxb6 Nxb6 33.Nfd4 Rae8 34.Bc6 Bxc6 35.Nxc6 Bxb2
36.Rxe8 Rxe8 37.Ra2 Ba3 38.Ncxa5 Re3 39.Nd4 Nxa4 40.Kg2 Nc5 41.Nc2 Rg3+ 42.Kh2 Ne4
43.Nxa3 Ng5 44.Rf2 Rxh3+ 45.Kg2 Rxa3 46.Nc4 Rg3+ 47.Kf1 Rxg4 48.Nxd6 f3  0-1

[Event "12th IHEM"]
[Site "Hamburg GER"]
[Date "2009.06.02"]
[Round "4"]
[White "Dalakian,H"]
[Black "Mueller,Joe"]
[Result "1/2-1/2"]
[WhiteElo "2130"]
[BlackElo "2098"]

1.Nf3 Nf6 2.c4 g6 3.d4 Bg7 4.g3 O-O 5.Bg2 d6 6.O-O Nbd7 7.Nc3 e5 8.e4 c6
9.h3 Re8 10.d5 cxd5 11.cxd5 Nc5 12.Re1 a5 13.Nh2 Bd7 14.Nf1 b5 15.Be3 Rc8
16.Bxc5 Rxc5 17.Ne3 Bh6 18.a3 Qb6 19.Qf3 Nh5 20.Ng4 Bg7 21.Bf1 Rf8 22.b4 Rc7
23.Qd3 axb4 24.axb4 f5 25.Nh2 Rc4 26.Qe3 Qxe3 27.Rxe3 Rxb4 28.Ra6 f4 29.Rd3 fxg3
30.fxg3 Rf6 31.Ra7 Rf7 32.Rf3 Nf6 33.Rb7 h5 34.Rb8+ Bf8 35.Nxb5 Rb1 36.g4 hxg4
37.Nxg4 Bxg4 38.hxg4 Nd7 39.Rxf7 Nxb8 40.Ra7 Re1 41.Ra8 Nd7 42.Nxd6 Nf6 43.Kf2 Rb1
44.Be2 Rb6 45.Nc4 Rb4 46.Nxe5 Nxe4+ 47.Ke3 Kg7 48.Ra7+ Kg8 49.Ra8 Kg7 50.Nd3 Bc5+
51.Nxc5 Nxc5 52.Rc8 Ne4 53.Bd3 Nf6 54.Rc6 Nxd5+ 55.Kd2 Ne7 56.Re6 Kf7 57.Re4 Rxe4
58.Bxe4 g5 59.Ke3 Kf6 60.Kf3 Ke5 61.Ke3 Ng8 62.Bf5 Nf6 63.Kf3 Kd4 64.Bg6 Nd7
65.Bf5 Ne5+ 66.Kg3 Ke3 67.Bh7 Nc6 68.Bf5 Nd4 69.Bd7 Ne2+ 70.Kg2 Kf4 71.Bc8 Nd4
72.Kh3 Ke3 73.Bd7 Kf2 74.Bc8 Ne2 75.Bd7 Kf3 76.Bc6+ Kf4 77.Bd7 Ng1+ 78.Kg2 Nf3
79.Kh3 Ne5 80.Bc8 Nxg4  1/2-1/2

[Event "XXXI Nezhmetdinov Mem"]
[Site "Kazan RUS"]
[Date "2009.06.02"]
[Round "3"]
[White "Krylov,M RUS"]
[Black "Sokolov,Sergei"]
[Result "0-1"]
[WhiteElo "2482"]
[BlackElo "2355"]

1.d4 Nf6 2.c4 g6 3.Nf3 Bg7 4.g3 O-O 5.Bg2 d6 6.O-O Nbd7 7.Nc3 e5 8.Qc2 Re8
9.Rd1 c6 10.e4 exd4 11.Nxd4 Qb6 12.h3 Nc5 13.Be3 a5 14.Nb3 Bf8 15.Nxc5 dxc5
16.f4 Qc7 17.e5 Bf5 18.Qf2 Nd7 19.g4 Be6 20.Ne4 f5 21.exf6 Bxc4 22.f7+ Kxf7
23.f5 Kg7 24.fxg6 hxg6 25.Qh4 Re6 26.Ng5 Rxe3 27.Rxd7+ Qxd7 28.Qh7+ Kf6 29.Qxd7 Kxg5
30.Rc1 Bd3 31.Qxb7 Rae8 32.Qxc6 c4 33.Rf1 R8e6 34.Qc7 Bd6 35.Qxa5+ R6e5 36.Qb6 Bxf1
37.Qxd6 Bxg2 38.Qd8+ Kf4 39.Qf6+ Kg3 40.Qf2+ Kxh3 41.Qxg2+ Kh4 42.Qc6 g5
43.Qa8 Kxg4  0-1

[Event "12th IHEM"]
[Site "Hamburg GER"]
[Date "2009.06.03"]
[Round "5"]
[White "Rogozenco,D"]
[Black "Souleidis,G"]
[Result "1-0"]
[WhiteElo "2546"]
[BlackElo "2427"]

1.d4 Nf6 2.c4 g6 3.Nf3 Bg7 4.g3 O-O 5.Bg2 d6 6.Nc3 Nc6 7.O-O a6 8.d5 Na5
9.Nd2 c5 10.Qc2 Rb8 11.b3 b5 12.Bb2 e5 13.Rae1 h5 14.cxb5 axb5 15.f4 h4 16.fxe5 Ng4
17.e6 Ne3 18.Qe4 Nxf1 19.e7 Nxd2 20.exd8=Q Rxd8 21.Qxh4  1-0

[Event "12th IHEM"]
[Site "Hamburg GER"]
[Date "2009.06.04"]
[Round "6"]
[White "Ftacnik,L"]
[Black "Lanka,Z"]
[Result "1/2-1/2"]
[WhiteElo "2559"]
[BlackElo "2470"]

1.d4 Nf6 2.Nf3 g6 3.c4 Bg7 4.g3 O-O 5.Bg2 d6 6.Nc3 a6 7.O-O Nc6 8.Qd3 Bd7
9.d5 Nb4 10.Qd1 a5 11.Nd4 Qc8 12.Re1 Bh3 13.Bh1 Ng4 14.Nf3 h6 15.Bd2 f5 16.a3 Na6
17.Qc2 Qe8 18.Nb5 c6 19.Nbd4 Nc5 20.Bc3 e5 21.dxe6 Ne4 22.Qb3 Rb8 23.Bxa5 Ngxf2
24.Bc7 Rc8 25.Bxd6 Nxd6 26.Kxf2 c5 27.Nb5 Ne4+ 28.Kg1 Qxe6 29.e3 Rfd8 30.Rad1 Qf6
31.Bg2 Bg4 32.Nc3 Nxc3 33.bxc3 Rxd1 34.Rxd1 Qxc3 35.Qxc3 Bxc3 36.h3 Bh5 37.Rb1 Rd8
38.Nh2 Rd1+ 39.Rxd1 Bxd1 40.Bxb7 Bb2 41.e4 Kg7 42.exf5 gxf5 43.Nf3 Bxa3 44.Kf2 Kf6
45.g4 Bc2 46.gxf5 Bxf5 47.h4 Bd3 48.Bd5 Bc1 49.Kg3 Kf5 50.Bg8 Bf4+ 51.Kf2 Kf6
52.Bd5 Bg6 53.Ne1 Ke5 54.Nf3+ Kf5 55.Kg2 Bd6 56.Kf2 Kf4 57.Nh2 Be7 58.Nf3 Bd3
59.Kg2 Bf6 60.Kf2 Bb2 61.Kg2 Bc1 62.Nh2 Bf5 63.Kf2 Be3+ 64.Kg2 Bd3 65.Nf3 Be2
66.Nh2 Bd4 67.Nf3 Ke3 68.Kg3 Bf6 69.Ng1 Be5+ 70.Kg2 Bg4 71.Nf3 Bd6 72.Ne1 Bd1
73.Nf3 Kf4 74.Kf2 Be7 75.Bc6 Bc2 76.Bd5 Bf6 77.Bb7 Bf5 78.Bd5 Bh3 79.Bf7 Bb2
80.Bg8 Bc1 81.Bd5 Be3+ 82.Ke2 Bg4 83.Bc6 Bd4 84.Bd5 Bh5 85.Bc6 Bf6 86.Kf2 Bf7
87.Bb5 Be6 88.Ba6 Kg4 89.Ke3 Bxh4 90.Nxh4 Kxh4 91.Kf4 h5 92.Ke5 Bg4 93.Kd6 Kg3
94.Kxc5 h4 95.Kb6 h3 96.Bb7 Bf3 97.Bxf3 Kxf3 98.c5 h2 99.c6 h1=Q 100.c7 Qb1+  1/2-1/2

[Event "XXXI Nezhmetdinov Mem"]
[Site "Kazan RUS"]
[Date "2009.06.05"]
[Round "6"]
[White "Ponfilenok,V"]
[Black "Sokolov,Sergei"]
[Result "1/2-1/2"]
[WhiteElo "2433"]
[BlackElo "2355"]

1.d4 Nf6 2.Nf3 g6 3.c4 Bg7 4.g3 O-O 5.Bg2 d6 6.O-O Nbd7 7.Nc3 e5 8.e4 c6
9.Be3 Ng4 10.Bg5 Qb6 11.h3 exd4 12.Na4 Qa6 13.hxg4 b5 14.Be7 Re8 15.Bxd6 bxa4
16.Nxd4 Ne5 17.c5 Bxg4 18.f3 Bd7 19.f4 Ng4 20.Re1 Rab8 21.b3 Rb4 22.e5 axb3
23.axb3 Qb7 24.Qd2 Rxd4 25.Qxd4 Qxb3 26.Rf1 Qxg3 27.Rf3 Qh2+ 28.Kf1 Qh4 29.Kg1 Qh2+  1/2-1/2

[Event "12th IHEM"]
[Site "Hamburg GER"]
[Date "2009.06.07"]
[Round "9"]
[White "Rogozenco,D"]
[Black "Siebrecht,S"]
[Result "0-1"]
[WhiteElo "2546"]
[BlackElo "2433"]

1.d4 g6 2.c4 Nf6 3.Nf3 Bg7 4.g3 O-O 5.Bg2 d6 6.Nc3 a6 7.O-O Nc6 8.h3 Rb8
9.Be3 b5 10.Nd2 Bd7 11.Rc1 e5 12.dxe5 Nxe5 13.c5 dxc5 14.Bxc5 Re8 15.f4 Nc6
16.Bf2 Na5 17.b4 Nc6 18.a3 a5 19.bxa5 Nxa5 20.e4 Bc6 21.Re1 Nh5 22.Nd5 Bxd5
23.exd5 Rxe1+ 24.Qxe1 Nf6 25.Nf3 Nc4 26.Ne5 Nxe5 27.fxe5 Nxd5 28.e6 f5 29.Qd2 Nc3
30.Qe3 Bd4 31.Qe1 Qf6 32.Bxd4 Qxd4+ 33.Kh2 Ne4 34.Rxc7 Qe5 35.Rc6 Re8 36.Bxe4 fxe4
37.Qe2 e3 38.h4 Rf8 39.Kh3 Qf5+ 40.g4 Qe4  0-1

[Event "Maia Chiburdanidze Cup"]
[Site "Tbilisi GEO"]
[Date "2009.06.09"]
[Round "5"]
[White "Rizhamadze,P"]
[Black "Tsalughelashvili,L"]
[Result "1-0"]
[WhiteElo "1991"]
[BlackElo "2113"]

1.d4 Nf6 2.c4 g6 3.g3 Bg7 4.Bg2 d6 5.Nf3 O-O 6.O-O c5 7.d5 e5 8.Nc3 Nbd7
9.e4 Ne8 10.Ne1 f5 11.Bh3 f4 12.b3 Ndf6 13.Bxc8 Qxc8 14.Nf3 h6 15.Kg2 Nc7
16.h3 g5 17.Rh1 Qe8 18.Nd2 a6 19.g4 b5 20.f3 Kf7 21.Qe2 b4 22.Na4 h5 23.Bb2 Rh8
24.Rh2 Ng8 25.Rah1 Ne7 26.Bc1 Ng6 27.Nb1 Rb8 28.Bd2 Na8 29.Be1 Bf6 30.Kg1 a5
31.Qd1 Nb6 32.Nxb6 Rxb6 33.a4 bxa3 34.Nxa3 Qb8 35.Nb5 Bd8 36.Ra2 hxg4 37.hxg4 Rxh1+
38.Kxh1 Ra6 39.Qe2 Bb6 40.Qh2 a4 41.bxa4 Kg7 42.Qh5 Qd8 43.Rh2 Kf6 44.Qh7 Qf8
45.Rh6 Qg7 46.Nxd6 Ra8 47.a5 Bc7 48.Qxg7+ Kxg7 49.Nf5+ Kf6 50.Rh7 Bxa5 51.Nd6 Nh4
52.Bxh4 gxh4 53.Rxh4 Bc3 54.Rh2 Ra1+ 55.Kg2 Bd4 56.Rh6+ Kg7 57.Nf5+ Kf7 58.d6 Ra2+
59.Kh3 Bg1 60.Kh4 Rd2 61.Kg5 Rd3  1-0

[Event "1st SCS GM Open"]
[Site "Bhubaneswar IND"]
[Date "2009.06.11"]
[Round "6"]
[White "Rychagov,A"]
[Black "Saravanan,V1"]
[Result "1-0"]
[WhiteElo "2530"]
[BlackElo "2391"]

1.d4 Nf6 2.Nf3 g6 3.c4 Bg7 4.g3 O-O 5.Bg2 d6 6.O-O c6 7.Nc3 Qa5 8.h3 Be6
9.Nd2 Na6 10.d5 Bd7 11.Nb3 Qc7 12.Be3 c5 13.f4 Qc8 14.Kh2 Nc7 15.a4 a6 16.a5 Rb8
17.Bc1 Nfe8 18.e4 e5 19.fxe5 Bxe5 20.Bf4 Bxc3 21.bxc3 f6 22.Qd2 Qd8 23.Rab1 Rf7
24.Rf2 b5 25.axb6 Rxb6 26.Rff1 Na8 27.Qa2 g5 28.Be3 Ng7 29.Na5 Be8 30.Rxb6 Nxb6
31.Nc6 Bxc6 32.dxc6 Qc8 33.Rb1 Na8 34.Qd2 Ne8 35.e5  1-0

[Event "Maia Chiburdanidze Cup"]
[Site "Tbilisi GEO"]
[Date "2009.06.11"]
[Round "7"]
[White "Khotenashvili,B"]
[Black "Dzagnidze,N"]
[Result "1-0"]
[WhiteElo "2364"]
[BlackElo "2541"]

1.d4 Nf6 2.c4 g6 3.Nf3 Bg7 4.g3 O-O 5.Bg2 d6 6.Nc3 Nbd7 7.O-O e5 8.e4 exd4
9.Nxd4 c6 10.h3 Nc5 11.Qc2 Nfxe4 12.Nxc6 bxc6 13.Nxe4 Bf5 14.g4 Bxe4 15.Bxe4 Nxe4
16.Qxe4 Qh4 17.Qg2 f5 18.a4 Rae8 19.Ra3 Re4 20.b3 Bd4 21.b4 d5 22.cxd5 cxd5
23.gxf5 Rxf5 24.Rf3 Rfe5 25.Bd2 Re8 26.Rc1 Qh5 27.Rf4 Qe2 28.Rxe4 dxe4 29.Bh6 Qb2
30.Rc4 Qa2 31.Rc7 Qb1+ 32.Qf1 Qxb4 33.Qd1 Bxf2+ 34.Kh1 Bd4 35.Rd7 e3 36.Rxd4 e2
37.Qxe2 Qb7+ 38.Qg2 Re1+ 39.Kh2 Qc7+ 40.Rf4 Rd1 41.Qa2+ Kh8 42.Qb2+  1-0

[Event "1st SCS GM Open"]
[Site "Bhubaneswar IND"]
[Date "2009.06.13"]
[Round "9"]
[White "Temirbayev,S"]
[Black "Vorobiov,E"]
[Result "1/2-1/2"]
[WhiteElo "2458"]
[BlackElo "2596"]

1.d4 Nf6 2.c4 g6 3.Nf3 Bg7 4.g3 O-O 5.Bg2 d6 6.O-O Nbd7 7.Nc3 e5 8.Qc2 exd4
9.Nxd4 Nb6 10.Rd1 Nxc4 11.Ncb5 d5 12.b3 c5 13.bxc4 cxd4 14.Nxd4 dxc4 15.Ba3 Re8  1/2-1/2

[Event "XXVII Open A"]
[Site "Balatonlelle HUN"]
[Date "2009.06.14"]
[Round "2"]
[White "Budai,D"]
[Black "Tesik,C"]
[Result "1/2-1/2"]
[WhiteElo "2321"]
[BlackElo "2145"]

1.d4 Nf6 2.Nf3 g6 3.c4 Bg7 4.g3 O-O 5.Bg2 d6 6.O-O Nbd7 7.Nc3 e5 8.h3 c6
9.e4 Qa5 10.Re1 exd4 11.Nxd4 Ne5 12.Bf1 Re8 13.Nb3 Qc7 14.f4 Ned7 15.Kh2 Nb6
16.Nd4 Be6 17.b3 Rad8 18.Be3 Bd7 19.Bg2 a6 20.Rc1 c5 21.Nde2 Bc6 22.Qd3 Qe7
23.Rcd1 Rd7 24.Bg1 Nxe4 25.Nd4 Bxd4  1/2-1/2

[Event "XLIV Capablanca Memorial Open"]
[Site "Havana CUB"]
[Date "2009.06.17"]
[Round "9"]
[White "Cori T.,D"]
[Black "Pina Vega,S"]
[Result "1/2-1/2"]
[WhiteElo "2262"]
[BlackElo "2270"]

1.d4 d6 2.Nf3 Nf6 3.c4 g6 4.g3 Bg7 5.Bg2 O-O 6.O-O Nbd7 7.Nc3 e5 8.e4 c6
9.h3 Re8 10.Re1 a6 11.a4 exd4 12.Nxd4 a5 13.Be3 Nc5 14.Qc2 Nfd7 15.Rad1 Qb6
16.f4 Qb4 17.Na2 Qxa4 18.b3 Qa3 19.e5 a4 20.b4 dxe5 21.Bc1 Qxg3 22.bxc5 Nxc5
23.Qf2 Qxf2+ 24.Kxf2 Bxh3 25.fxe5 Bxg2 26.Kxg2 Bxe5 27.Nf3 Bf6 28.Ba3 Ne6
29.Kg3 b5 30.cxb5 cxb5 31.Nb4 Be7 32.Rd3 Bxb4 33.Bxb4 Red8 34.Rde3 Rd5 35.Ne5 Nd4
36.Ng4 Nf5+ 37.Kh3 Nxe3 38.Rxe3 Rd1 39.Bc3 Rc8 40.Nf6+ Kg7 41.Ne8+ Kf8 42.Bg7+ Kg8
43.Bb2 b4 44.Nf6+ Kg7 45.Nd5+ Kh6 46.Nxb4 Rb1 47.Nd3 Rd8 48.Bf6 Rxd3 49.Rxd3 Rb3
50.Rxb3 axb3 51.Kg4 g5 52.Bxg5+ Kg6 53.Bc1 Kf6 54.Bb2+ Ke6 55.Kg5 Kd5 56.Kf5 h6
57.Bf6 Kc4 58.Kg4 Kd3 59.Kh5  1/2-1/2